Internet: qué hay que saber?

Bibliographic Details
Main Author: Snell, Ned
Format: Section = Libro
Language:Undetermined
Spanish
Published: México McGraw-Hill 1995
Subjects:
LEADER 00557nam a2200217Ia 4500
008 240829s9999 xx 000 0 und d
020 |a 0-13-518713-3 
040 |a BIBLIOTECA-RUPAP 001.64404 S671 
041 |a spa 
082 |a 001.64404 S671 
100 1 |a Snell, Ned 
245 1 0 |a Internet: qué hay que saber? 
260 |a México  |b McGraw-Hill  |c 1995 
300 |a 276 p. :il. 
650 7 |a INTERNET 
650 7 |b  ASPECTOS SOCIALES 
650 7 |c  SEGURIDAD 
650 7 |d  CORREO ELECTRÓNICO. I. Tít. 
942 |c BK  |2 ddc 
991 |a TEXTO 
999 |c 6996